| 000 -NÁVESTIE |
| fixed length control field |
00872nam a2200253 a 4500 |
| 008 - ÚDAJE S PEVNOU DĹŽKOU – VŠEOBECNÉ INFORMÁCIE |
| fixed length control field |
950911s1995 ---xo ad r yy 0 slo c |
| 020 ## - MEDZINÁRODNÉ ŠTANDARDNÉ ČÍSLO KNIHY (ISBN) |
| Medzinárodné štandardné číslo knihy (ISBN) |
8085575124 |
| Údaje o dostupnosti |
10 |
| 040 ## - ZDROJ KATALOGIZÁCIE |
| Pôvodná katalogizujúca agentúra |
SNK |
| Jazyk katalogizácie |
slo |
| Prepisujúca agentúra |
SNK |
| Konvencie popisu |
AACR2 |
| 041 1# - KÓD JAZYKA |
| Kód jazyka textu/zvukovej stopy alebo samostatných nápisov |
slo |
| 044 ## - KÓD KRAJINY VYDAVATEĽA/PRODUCENTA |
| Kód krajiny MARC |
xo |
| Kód krajiny ISO |
SK |
| 080 ## - ČÍSLO MEDZINÁRODNÉHO DESATINNÉHO TRIEDENIA (MDT) |
| Číslo Medzinárodného desatinného triedenia (MDT) |
908.437.6:779 |
| 080 ## - ČÍSLO MEDZINÁRODNÉHO DESATINNÉHO TRIEDENIA (MDT) |
| Číslo Medzinárodného desatinného triedenia (MDT) |
779(437.6-18) |
| 100 1# - OSOBNÉ MENÁ – VŠEOBECNÉ INFORMÁCIE |
| Osobné meno |
Vojčíková-Poláčková, Anna |
| Kód roly |
com |
| 245 10 - NÁZOV |
| Názov |
Severovýchodné Slovensko |
| Údaj o zodpovednosti atď. |
[zostavila Anna Vojčíková-Poláčková] ; [text Imrich Michnovič] ; [Fotografie Dionýz Dugas, Juraj Guzej] |
| 260 ## - VYDAVATEĽSKÉ ÚDAJE, DISTRIBÚCIA ATĎ. |
| Miesto publikovania, distribúcie atď. |
Prešov |
| Názov vydavateľa, distibútora atď. |
DINO |
| Dátum publikovania, distribúcie atď. |
1995 |
| 300 ## - FYZICKÝ POPIS |
| Rozsah |
[114] s. |
| Rozmery |
28 cm |
| 500 ## - VŠEOBECNÁ POZNÁMKA |
| Formátovaná poznámka o obsahu |
Fotogr. na front. |
| 504 ## - |
| -- |
Bibliogr. Res. angl., nem., franc., poľ., maď. a rus. |
| 651 07 - PRIDANÝ VSTUP – PREDMET – GEOGRAFICKÝ NÁZOV |
| Geografický názov |
Slovensko severovýchodné |
| Všeobecný pododdiel |
mestá |
| -- |
prehľady informačné |
| Zdroj hesla alebo termínu |
SNK |
| 700 1# - PRIDANÝ VSTUP – OSOBNÉ MENO |
| Osobné meno |
Michnovič, Imrich |
| Kód roly |
aut |
| 700 1# - PRIDANÝ VSTUP – OSOBNÉ MENO |
| Osobné meno |
Dugas, Dionýz |
| Kód roly |
pht |
| 700 1# - PRIDANÝ VSTUP – OSOBNÉ MENO |
| Osobné meno |
Guzej, Juraj |
| Kód roly |
pht |
| 958 ## - Formálny deskriptor |
| Formálny deskriptor |
AOP |